Mass spectrometric analysis of solids /

Bibliographic Details
Main Author: Ahearn, Arthur J. (Arthur John), 1902-
Format: Book
Language:English
Published: Amsterdam, New York : Elsevier Pub. Co., 1966.
Subjects:

MARC

Tag First Indicator Second Indicator Subfields
LEADER 00000cam a2200000 4500
001 in00000052389
005 20151007070122.0
008 730115s1966 ne b 00000 eng u
010 |a  66016715  
035 |a (OCoLC)00537000 
035 |9 AAE3372AM 
040 |c WSU  |d TXA  |d UtOrBLW 
049 |a TXAM  |c [464258] 
050 0 |a QC454  |b .A35 
092 |a 545.33  |b A285m, 1966 
100 1 |a Ahearn, Arthur J.  |q (Arthur John),  |d 1902- 
245 1 0 |a Mass spectrometric analysis of solids /  |c edited by Arthur J. Ahearn. 
264 1 |a Amsterdam,  |a New York :  |b Elsevier Pub. Co.,  |c 1966. 
300 |a 175 pages 
336 |a text  |b txt  |2 rdacontent 
337 |a unmediated  |b n  |2 rdamedia 
338 |a volume  |b nc  |2 rdacarrier 
504 |a Includes bibliographies. 
650 0 |a Mass spectrometry. 
999 |a MARS 
999 f f |s 4181854d-7959-3b3d-98a7-fb927105b100  |i 0e920b40-1597-31c5-bda5-a67a2b07148f  |t 0 
952 f f |p ric  |a Texas A&M University  |b Rellis Campus  |c Joint Library Facility  |d Remote Storage  |t 0  |e QC454 .A35  |h Library of Congress classification  |i unmediated -- volume  |m A14800940998 
998 f f |a QC454 .A35  |t 0  |l Remote Storage